Statistics for Flags of Southeast Asian Countries

Click here to take the quiz!

General Stats

  • This quiz has been taken 12 times
  • The average score is 11 of 12

Answer Stats

Answer% Correct
Myanmar (Burma)
100%
Thailand
100%
Vietnam
100%
Bangladesh
92%
Brunei
92%
India (Bharat)
92%
Indonesia
92%
Malaysia
92%
Sri Lanka
92%
Taiwan
92%
Timor Leste
83%
Maldives
75%

Score Distribution

Percentile by Number Answered

Percent of People with Each Score

Your Score History

You have not taken this quiz